书目信息 |
| 题名: |
建筑哲学
|
|
| 作者: | 李卫 , 费凯 著 | |
| 分册: | ||
| 出版信息: | 上海 学林出版社 2006 |
|
| 页数: | 415页 | |
| 开本: | 23cm | |
| 丛书名: | ||
| 单 册: | ||
| 中图分类: | TU-021 | |
| 科图分类: | ||
| 主题词: | 建筑学--哲学--研究 | |
| 电子资源: | ||
| ISBN: | 7-80730-210-0 | |
| 000 | 00823nam0 2200241 450 | |
| 001 | 1567498516 | |
| 005 | 20150117184707.75 | |
| 010 | @a7-80730-210-0@dCNY42.00 | |
| 100 | @a20070104d2006 em y0chiy50 ea | |
| 101 | 0 | @achi |
| 102 | @aCN@b310000 | |
| 105 | @ay z 000yy | |
| 200 | 1 | @a建筑哲学@9jian zhu zhe xue@dArchitectural philosophy@f李卫,费凯著@zeng |
| 210 | @a上海@c学林出版社@d2006 | |
| 215 | @a415页@d23cm | |
| 330 | @a本书主要内容包括:建筑与哲学本质的思考、层次性系统性的宇宙观、宇宙统一律及人类的实践模式、建筑统一律和建筑实践方法等,以及导读和绪论。 | |
| 510 | 1 | @aArchitectural philosophy@zeng |
| 606 | 0 | @a建筑学@x哲学@x研究 |
| 690 | @aTU-021@v5 | |
| 701 | 0 | @a李卫@9li wei@c(女,@f1967~)@4著 |
| 701 | 0 | @a费凯@9fei kai@f(1966~)@4著 |
| 801 | 0 | @aCN@bTSSF@c20150117 |
| 905 | @aZUCC@dTU-021@eJY75 | |
| 建筑哲学=Architectural philosophy/李卫,费凯著.-上海:学林出版社,2006 |
| 415页;23cm |
| ISBN 7-80730-210-0:CNY42.00 |
| 本书主要内容包括:建筑与哲学本质的思考、层次性系统性的宇宙观、宇宙统一律及人类的实践模式、建筑统一律和建筑实践方法等,以及导读和绪论。 |
| ● |
| 相关链接 |
|
|
|
|
正题名:建筑哲学
索取号:TU-021/JY75
 
预约/预借
| 序号 | 登录号 | 条形码 | 馆藏地/架位号 | 状态 | 备注 |
| 1 | 7852439 | 278524394 | 学院路分馆/ [索取号:TU-021/JY75] | 在馆 | |
| 2 | 7852440 | 278524401 | 学院路分馆/ [索取号:TU-021/JY75] | 在馆 |